00706cam a2200229 a 4500001000800000005001700008008004100025010001700066020001500083040002000098041000800118080001400126082001800140100000600158101000800164245006000172740005700232906004500289942001200334999001700346952011300363153394620180201051145.0900808s1990 moua d 000 0 eng  a 90183154  a0801632277 aDLCcDLCdOCoLC aeng a610.3 WAL00a610.3 WAL220 a1 aNUR00aMosby's medical, nursing, and allied health dictionary.0 aMosby's medical, nursing & allied health dictionary. a7bcbccorignewd2encipf19gy-gencatlg 2ddccBK c41504d41504 00102udc40708PËKGa002b002cPËKGd2018-02-01l0o610.3 WALp002-2997792r2018-02-01w2018-02-01yBK